GETS Theological Seminary Library

基督教与中国文化 (Record no. 23029)

MARC details
000 -LEADER
fixed length control field 00644nam a2200217Ia 4500
008 - FIXED-LENGTH DATA ELEMENTS--GENERAL INFORMATION
fixed length control field 200830s9999||||xx |||||||||||||| ||und||
020 ## - INTERNATIONAL STANDARD BOOK NUMBER
International Standard Book Number 7100100690
020 ## - INTERNATIONAL STANDARD BOOK NUMBER
International Standard Book Number 9787100100694
041 ## - LANGUAGE CODE
Language code of text/sound track or separate title chi
050 ## - LIBRARY OF CONGRESS CALL NUMBER
Classification number BR1285
Item number .W83 2015
100 ## - MAIN ENTRY--PERSONAL NAME
Personal name 吴雷川
245 #0 - TITLE STATEMENT
Title 基督教与中国文化
Remainder of title /
Statement of responsibility, etc. 吴雷川
246 ## - VARYING FORM OF TITLE
Title proper/short title 基督教與中國文化
Remainder of title /
260 ## - PUBLICATION, DISTRIBUTION, ETC.
Place of publication, distribution, etc. 北京:
Name of publisher, distributor, etc. 商务印书馆,
Date of publication, distribution, etc. 2015
300 ## - PHYSICAL DESCRIPTION
Extent [1], 38, 6, 2, 183 p.
Other physical details ;
Dimensions 21 cm.
490 ## - SERIES STATEMENT
Series statement 中华现代学术名著丛书
650 ## - SUBJECT ADDED ENTRY--TOPICAL TERM
Topical term or geographic name entry element China -- Civilization.
650 ## - SUBJECT ADDED ENTRY--TOPICAL TERM
Topical term or geographic name entry element Christianity -- Influence.
650 ## - SUBJECT ADDED ENTRY--TOPICAL TERM
Topical term or geographic name entry element Christianity and culture -- China.
Holdings
Withdrawn status Lost status Damaged status Not for loan Home library Current library Shelving location Date acquired Total Checkouts Full call number Barcode Date last seen Price effective from Koha item type
        GETS Theological Seminary Library GETS Theological Seminary Library General Stacks 08/30/2020   BR1285 .W83 2015  00010774 08/30/2020 08/30/2020 Chinese Book
OpacCredits

Contact the Librarian, GETS Library
Email: library@mygets.org









Implemented by GETS Library
(Powered by ETCA Professional Group)
GETS Theological Seminary
412 E. Rowland Street, CA 91723